| 000 | 01032cab a2200241 4500 | ||
|---|---|---|---|
| 001 | E2226 | ||
| 008 | 090401t1995 xxu||||| |||| 00| 0 eng d | ||
| 035 | _a(Sirsi) u38246 | ||
| 041 | _aeng | ||
| 245 | _aMacMillan v MacKenzie | ||
| 260 | _c1995 | ||
| 350 | _a0 | ||
| 490 |
_aScots Law Times _v1995 SLT(Lands Ct), 7-9(3) |
||
| 520 | _aScottish Land Court. Lord Philip, D.D. McDiarmid, J. Kinloch. 17 January 1994. Landlord and tenant - croft - acquisition by crofter - apportioned area of common grazing - sole area sought to be acquired - crofter retaining rights in remainder of common grazing - whether apportioned area formed part of croft land - whether adjacent or contiguous to another part of croft - Crofting Reform (Scotland) Act 1976 (c21), s1(3). | ||
| 650 | _aCOMMON GRAZINGS | ||
| 650 | _aCROFTING REFORM (SCOTLAND) ACT 1976 | ||
| 650 | _aCROFTING | ||
| 650 | _aSCOTTISH LAND COURT | ||
| 650 | _aSLC | ||
| 690 | _aLANDLORD AND TENANT-CASE LAW-AGRICULTURAL TENANCIES | ||
| 942 | _n0 | ||
| 948 | _c04/03/1997 | ||
| 999 |
_c24575 _d24575 |
||